书目信息 |
| 题名: |
化工原理实验
|
|
| 作者: | 卫静莉 主编 | |
| 分册: | ||
| 出版信息: | 北京 国防工业出版社 2014.02 |
|
| 页数: | 142页 | |
| 开本: | 26cm | |
| 丛书名: | ||
| 单 册: | ||
| 中图分类: | TQ02-33 | |
| 科图分类: | ||
| 主题词: | 化工过程:物理过程 , 化工过程:物理化学过程 , 化工过程 | |
| 电子资源: | ||
| ISBN: | 7-118-07055-6 | |
| 000 | 00627nam0 2200217 450 | |
| 001 | 204 | |
| 005 | 20160905165552.32 | |
| 010 | @a7-118-07055-6@dCNY25.00 | |
| 100 | @a20160721d2014 km y0chiy0120 ea | |
| 101 | 0 | @achi |
| 102 | @aCN@b110000 | |
| 200 | 1 | @a化工原理实验@Ahua gong yuan li shi yan@f卫静莉主编@Fwei jing li zhu bian |
| 210 | @a北京@c国防工业出版社@d2014.02 | |
| 215 | @a142页@d26cm | |
| 606 | 0 | @a化工过程:物理过程 |
| 606 | 0 | @a化工过程:物理化学过程 |
| 606 | 0 | @a化工过程 |
| 690 | @aTQ02-33@v4 | |
| 701 | 0 | @a卫静莉@Awei jing li@4主编 |
| 801 | 0 | @aCN@b唐山师范学院图书馆@c20160721 |
| 905 | @aZUCC@dTQ02-33@e258 | |
| 化工原理实验/卫静莉主编.-北京:国防工业出版社,2014.02 |
| 142页;26cm |
| ISBN 7-118-07055-6:CNY25.00 |
| ● |
| 相关链接 |
|
|
|
|
正题名:化工原理实验
索取号:TQ02-33/258
 
预约/预借
| 序号 | 登录号 | 条形码 | 馆藏地/架位号 | 状态 | 备注 |
| 1 | 900858 | 209008580 | 第二样本阅览室/ [索取号:TQ02-33/258] | 在馆 | |
| 2 | 900859 | 209008599 | 第三借阅区/ [索取号:TQ02-33/258] | 在馆 | |
| 3 | 900860 | 209008606 | 第三借阅区/ [索取号:TQ02-33/258] | 在馆 | |
| 4 | 900861 | 209008615 | 密集书库-化学系/ [索取号:TQ02-33/258] | 在馆 |